000 00668nam a2200229 a 4500
001 000017329
003 DO-SdBNP
005 20240412074246.0
007 ta
008 100322s1927 dr 000 0 spa d
040 _aDO-SdBNP
_bspa
_cBNPHU
049 _aBNPD
082 4 _aRD863.42
_bS714
_222
100 1 _aSoriano, Germán
_937980
245 1 0 _aSantiago tradicional y pintoresco /
_cGermán Soriano.
260 _aSantiago de los Caballeros, República Dominicana :
_fE. H. Cruz,
_c1927.
300 _a[50 p.] ;
_c26 cm.
590 _aInventariado, 2023/BT
650 0 _aCuentos dominicanos
_9176
650 0 _aLiteratura dominicana.
_967
942 _2ddc
_cLBS1
999 _c16854
_d16854